Cesta k prosperitě, nebo nestabilitě? Privatizace zdravotnictví

Privatizácia zdravotníckych zariadení. Spôsob financovania zdravotnej starostlivosti v privatizovaných zdravotníckych zariadeniach. Privatizácia a stabilita verejných rozpočtov. Súkromné zariadenia a prosperita. Úloha štátu v privatizácii zdravotníctva.

Gespeichert in:
Bibliographische Detailangaben
1. Verfasser: Typolt, O.
Format: Buchkapitel
Sprache:Tschechisch
Schlagworte:
Tags: Tag hinzufügen
Keine Tags, Fügen Sie das erste Tag hinzu!

MARC

LEADER 00000naa a2200000 4500
001 r015700
005 20221205085928.8
041 0 |a cze 
044 |a CZ 
245 1 0 |a Cesta k prosperitě, nebo nestabilitě?  |b Privatizace zdravotnictví  |c O. Typolt 
520 |a Privatizácia zdravotníckych zariadení. Spôsob financovania zdravotnej starostlivosti v privatizovaných zdravotníckych zariadeniach. Privatizácia a stabilita verejných rozpočtov. Súkromné zariadenia a prosperita. Úloha štátu v privatizácii zdravotníctva. 
610 2 0 |a zdravotníctvo 
610 2 0 |a privatizácia 
610 2 0 |a financovanie 
610 2 0 |a štát 
100 1 |a Typolt, O.